000 04114cam a2200337 4500500
005 20251228053032.0
041 _afre
042 _adc
100 1 0 _aRérat, Patrick
_eauthor
700 1 0 _aSöderström, Ola
_eauthor
700 1 0 _aBesson, Roger
_eauthor
700 1 0 _aPiguet, Étienne
_eauthor
245 0 0 _aUne gentrification émergente et diversifiée : le cas des villes suisses
260 _c2008.
500 _a11
520 _aRésuméApparu dans les années 1960, le terme de gentrification désigne au sens strict la réhabilitation physique de certains quartiers urbains et le remplacement de leur population par des catégories plus aisées. Ces dernières années, cette définition a été élargie à d’autres processus d’élitisation et intègre désormais une pluralité de formes, d’acteurs et d’espaces. Cette extension est discutée sur la base des spécificités de l’urbanisation en Suisse, des différents acteurs impliqués et de l’émergence de nouveaux quartiers. Du point de vue résidentiel, les catégories moyennes supérieures quittent de moins en moins les villes helvétiques. Cette amorce de gentrification pourrait se renforcer sous l’effet de facteurs tels que la politique fédérale revalorisant le rôle des villes-centres, les stratégies de ces dernières visant à attirer des contribuables aisés, le regain d’activité du marché immobilier et l’existence d’une demande latente pour une localisation résidentielle en zone centrale.
520 _aFirst mentioned in the 1960’s, the word gentrification designates in the strict sense the physical rehabilitation of urban districts and the replacement of their population by more affluent categories. During recent years, this definition has been extended to other processes of social upgrading and incorporates now a plurality of forms, actors and spaces. This extension is addressed on the basis of the specific forms of urbanization in Switzerland, of the different actors involved and of the emergence of new urban districts. From a residential point of view, middle and upper middle classes in Switzerland tend less and less to leave the cities. This beginning of gentrification is likely to be strengthened by the effects of several factors such as the federal policy of upgrading city centres, the strategies of local authorities to attract affluent taxpayers, the renewal of activity of the housing market and the existence of a latent demand for a residential location in central sectors.
520 _aResumenLa aparición en los años 1960’s del termino de gentrificación designa en el sentido estricto: la rehabilitación física de barrios urbanos y el desalojo de la población original, por otra con mayores recursos económicos. En estos últimos años esta definición ha sido extendida hacia otros procesos de elitización y actualmente integra una pluralidad de formas, de actores y de espacios. Así, el contexto de urbanización en Suiza nos permite discutir sobre los diferentes actores implicados y la emergencia de nuevos barrios. La práctica residencial de la clase media- alta, muestra una disminución del abandono de las ciudades helvéticas. Este inicio de gentifricación podrá verse reforzado por una política federal que revaloriza el papel de las ciudades-centrales. Dónde las estrategias adoptadas buscan atraer a contribuyentes de altos recursos, trayendo consigo una aumentación de actividad en el marcado inmobiliario, sin contar con la fuerte demanda residencial de la zona central de la ciudad.
690 _agentrification
690 _amobilité résidentielle
690 _anew-build gentrification
690 _arégénération urbaine
690 _aSuisse
690 _agentrification
690 _anew-build gentrification
690 _aresidential mobility
690 _aSwitzerland
690 _aurban regeneration
786 0 _nEspaces et sociétés | 132-133 | 1 | 2008-04-28 | p. 39-56 | 0014-0481
856 4 1 _uhttps://shs.cairn.info/revue-espaces-et-societes-2008-1-page-39?lang=fr&redirect-ssocas=7080
999 _c1584998
_d1584998